000 04777nab a22008297 4500
003 AR-RoUNA
022 _a0327-9022
040 _aAR-RoUNA
_bspa
041 _aspa
044 _aag
245 _aSumma+ /
_bHacia una arquitectura sostenible
260 _aBuenos Aires ,
_c1993
300 _a152 p. :
_bil. byn.
_bplanos
_c34 X25 cm.
505 0 _tINDICE
505 0 _aFernando Diez / Hacia una arquitectura sostenible. p. 4
505 0 _tSITIOS - Emiratos Árabes Unidos - CIUDAD OASIS
505 0 _aFoster + Partners /Masdar Institute - Fase 1A, Abu Dhabi, 2010. p. 6
505 0 _tSITIOS - Colmbia - PIEL ARTIFICIAL, PIEL NATURAL
505 0 _aJuan Manuel Peláez Freidel / Coomeva Edificio Corporativo y de Salud - Fase I, Palma, 2011. p. 26
505 0 _aMatthias Sauerbbuch / Declaración sobre los procesos sustentables. p. 32
505 0 _aSauerbruch Huttom / M9 - Museo y oficinas administrativas en Mestre, Venecia, 2016. p. 32
505 0 _aSauerbruch Huttom / Low2no - Distrito urbano para viviendas, oficinas y recreación, con huella negativa de carbono, Helsinki, Holanda, 2014. p. 34
505 0 _aSauerbruch Huttom / Museo Brandhorst, Munich, Alemania, 2008. p. 36
505 0 _aHusos / Densidad y diversidad. p. 44
505 0 _tOBJETOS - Suiza - AISLAMIENTO Y AUTONOMÍA
505 0 _aETH Taller Monte Rosa / Nuevo refugio Monte Rosa SAC, Valais, 2009. p. 50
505 0 _tOBJETOS - España - Exploración Lúdica
505 0 _aEcosistema urbano / Plaza Ecópolis (Espacios público + Escuela infantil + Ludoteca), Madrid, España, 2010. p. 56
505 0 _tOBEJTOS - República Checa - OLA TERRESTRE
505 0 _aProjectil Architekti S.R.O. / Sluñakov - Centro de actividades ecológicas de la ciudad de Olomouc, Horka nad Moravou, 2006. p. 62
505 0 _tOBJETOS - Brasil - MÁQUINA ORGÁNICA
505 0 _aTriptyque / Harmonia 57, San Pablo, 2008. p. 68
505 0 _aZoka Zola / Turbina natural, China. p. 74
505 0 _aPlan de movilidad sustentable: programa prioridad transporte público metrobus. p. 78
505 0 _aDiana Cabeza / Abordar el espacio público. p. 80
505 0 _aDiana Cabeza arq. y Martín Wolfson, di / Paradores Metrobus, CABA, 2011. p. 80
505 0 _aCarlos Barbebá Pastor / Aula medioambiental. p. 90
505 0 _aJuan Marco Macro arq. / Ecoparque Tipo C, Castellón, 2008. p. 90
505 0 _tDISPOSITIVOS - Francia - ACCIÓN Y TRANSFORMACIÓN
505 0 _aAtelier D´Architecture Autogérée - AAA (en colaboración con vecinos de ST. Blaise), Passage 56 - Espacio Cultural Ecológico, París, 2010. p. 94
505 0 _aPablo Güiraldes / Pasos hacia una ecología de la ciudad. p. 98
505 0 _aDiana Agrest y Mario Gandelsonas / El porqué del afuera. p. 102
505 0 _aMidtown Manhattan West, NY, 2003. p. 106
505 0 _aBoulogne - Billancourt Master Plan, Francia, 2001. p. 108
505 0 _aXujiahui Master Plan, Shanghái, 2004. p. 110
505 0 _aSquare, Shanghái. 2004. p. 111
505 0 _aDistrito de diseño, Shanghái, 2004. p. 111
505 0 _aSports City, Shanghái, 2004. p. 112
505 0 _aBusiness Center, Shanghái, 2004. p. 112
505 0 _aInternational Film Center, Shanghái, 2004. p. 113
505 0 _aBreukelen Community Center, Brooklyn, 2005. p. 114
505 0 _aMelrose Community Center, South Bronx, Nueva York, 2001. p. 116
505 0 _aGuillermina Abeledo / Casa Foa: mercados de diseño. p. 122
505 0 _aClorindo Testa arqs. - Adriana Piastrellini arqs. / Piso Rayado, acceso al CMD sobre la calle algarrobo. p. 122
505 0 _tCASA BRASIL: El mejor producto es el talento
505 0 _tDOSSIER - Técnico - CON VOCACIÓN SOSTENIBLE
505 0 _aMarcelo Minoliti / Nueva Terminal del Aeropuerto Internacional de Ezeiza, Argentina, 2010. p. 136
505 0 _aShieh Arqs. Asc./ Centro Médico y Social Enkyd, San Pablo, Brasil, 2011. p. 138
505 0 _aPablo Azqueta, arq. / Casa E, Tortuguitas, Argentina, 2010. p. 139
505 0 _aIgancio Ros de Olano / Mileto en papel. p. 141
505 0 _aRuth Verde Zein / Las casas sublimes de Lina. p. 142
505 0 _aRafael E. J. Iglesia / Io amo il mio Fifito. p. 144
505 0 _aRoberto Fernández / Ofrendas persas: fantasías de la princesa Zaha. p. 147
505 0 _aMario Sabugo / Schinke y el fin de la arquitectura. p. 150
505 0 _aMaria José de Azevedo Marcondes / 25 años de sal: seminario de arquitectura latinoamericana. p. 152
650 _aArquitectura contemporánea
773 0 _aSumma+
_dBuenos Aires, Argentina
_gNº118 (oct-2011), p. 152
_x0327-9022
908 _aImp
942 _2udc
_cART
945 _aMBP
_d2022-07-08
980 _8138
_gCarolina Rainero
_6138
_aCarolina Rainero
999 _c12250
_d12250